000 00640nam a2200229Ia 4500
003 OSt
005 20220918195249.0
006 a|||||r|||| 00| 0
007 ta
008 220917b |||||||| |||| 00| 0 eng d
024 _a84,400
037 _cTextual
040 _aARTS
_cARTS
_beng
041 _2eng
_aeng
082 _aS8, L1
100 _aVarela Jacobo A
_989858
245 0 _aPsychological solutions to social problems
_b an introduction to social techonology
260 _aN.Y
_bAcademic Press
_c1971
650 _aSOCIAL PSYCHOLOGY
942 _hS8, L1
_cTEXL
_2CC
999 _c208114
_d208114